Regionálny rozvoj Košického samosprávneho kraja diplomová práca

Gespeichert in:
Bibliographische Detailangaben
1. Verfasser: Kuročka, Michal
Körperschaft: Podnikovohospodárska fakulta EU so sídlom v Košiciach. Katedra ekonómie
Weitere Verfasser: Pétrová, Rozália
Format: Buch
Sprache:Slowakisch
Veröffentlicht: Košice 2009
Tags: Tag hinzufügen
Keine Tags, Fügen Sie das erste Tag hinzu!

MARC

LEADER 00000nam$a2200000$$$4500
001 0098781
005 20240827092922.5
041 0 |a slo 
044 |a SK 
245 1 0 |a Regionálny rozvoj Košického samosprávneho kraja  |b diplomová práca  |c Michal Kuročka ; škol. Rozália Pétrová 
264 1 |a Košice  |c 2009 
300 |a 79 s. 
100 1 |a Kuročka, Michal 
700 1 |a Pétrová, Rozália 
710 2 |a Podnikovohospodárska fakulta EU so sídlom v Košiciach. Katedra ekonómie